000 00697nam a2200229 i 4500
001 108207
003 ES-MaACL
005 20260525143244.0
007 t|
008 061121s1962 sp |||| | spa d
100 1 _aMonte, Alberto de.
_982416
245 1 0 _aBreve historia de la novela policiaca /
_cAlberto del Monte ; versión de Florentino Pérez.
260 _aMadrid :
_bTaurus,
_c1962.
300 _a233 p. ;
_c19 cm.
490 1 _aSer y tiempo ;
_v30
650 7 _aNovela policíaca-
_xHistoria y crítica
_9170958
700 1 _aPérez, Florentino.
_990573
830 1 _aSer y tiempo ;
_v30
_9182364
852 _aES-MaACL
_jE-5967
942 _2udc
999 _c108207
_d108207